Il pompiere di Lilliputia /

Salvato in:
Dettagli Bibliografici
Autore principale: Bernard, Frederic, (1969- )
Altri autori: Del Moro, Francesca, Roca, François (Illustratore)
Natura: Libro
Lingua:italiano
Pubblicazione: Modena : Logos, 2014
Tags: Aggiungi Tag
Nessun Tag, puoi essere il primo ad aggiungerne!!

MARC

LEADER 00000nam a22000007i 4500
001 IT\ICCU\VIA\0281619
003 ItRI
005 20260115232115.0
008 141104s2014 it |||||| |||||1|||||c
020 |a 9788857607276 
040 |b ita  |c importazione bologna sebina 
041 7 |a ita  |2 ISO-639-2 
082 |a 741.5  |9 VIGNETTE, CARICATURE, FUMETTI  |2 19 
100 1 |a Bernard, Frederic,  |d  (1969- )  |0 IT\ICCU\UBOV\575965 
240 1 3 |a Le pompier de Lilliputia  |3 IT\ICCU\VIA\0281621  |9 Bernard, Frederic <1969- > 
245 1 3 |a Il pompiere di Lilliputia /  |c Fred Bernard, François Roca. 
260 |a Modena :  |b Logos,  |c 2014 
300 |a 32 p. :  |b in gran parte ill. ;  |c 31 cm 
500 |a Traduzione di Francesca Del Moro. 
700 1 |a Del Moro, Francesca  |0 IT\ICCU\RAVV\256153 
700 1 |a Roca, François  |0 IT\ICCU\TO0V\326850  |4 ill 
790 1 |a Bernard, Fred  |3 IT\ICCU\UBOV\299986  |z Bernard, Frederic (1969- ) 
942 |2 ddc  |c BK  |n 0 
952 |0 0  |1 0  |4 0  |6 R_843_914000000000000_BER  |7 0  |9 20164  |a BO  |b BO  |d 2026-01-15  |i 20724  |l 0  |o R 843.914 BER  |p BO20724  |r 2026-01-15 23:21:15  |w 2026-01-15  |x [Sebina 5] [1 v.]  |y BK  |z 1 v. 
999 |c 17195  |d 17195